00785nam a2200181 a 4500003000200000005001700002008004100019050003800060100003700098245014900135260009200284300004000376504004100416650004900457650002900506650002700535650004100562020250318095443.0071127s19uu xx 00 eng d aPGS PN 1992.8.E4.A33 b.D362 2007 aDelos Reyes, Christopher Nick G. aEffects of watching educational T.V. shows on the academic performance of grade 5 and 6 students of S.I.S.C. /cChristopher Nick G. Delos Reyes. aLas Piñas City, Philippines : bSouthville International School and Colleges,c2007. a22 pages :billustrations ;c28 cm. aIncludes bibliographical references. aEducational television programsvInfluence.  aTelevision in education. aAcademic achievement.  aStudentsvTelevision viewing habits.